000 00802nam a2200265Ia 4500
003 OSt
005 20220918213027.0
006 a|||||r|||| 00| 0
007 ta
008 220917b |||||||| |||| 00| 0 eng d
024 _a131,167
037 _cTextual
040 _aARTS
_cARTS
_beng
041 _2eng
_aeng
082 _aX:8, L0
100 _aMerrill Harwood F
_9125487
245 0 _aDeveloping executive skills
_b New patterns for management growth
260 _aBombay
_bD B Taraporevala India
_c1970
300 _a431p.
_ccm.
500 _aOriginally published by the American Management Association
650 _aECONOMICS
700 _a Marting Elizanbeth
_9125488
942 _hX:8, L0
_cTEXL
_2CC
999 _c254290
_d254290